Creación digital de personajes animados / (Record no. 87247)
[ view plain ]
| 000 -CABECERA | |
|---|---|
| campo de control de longitud fija | 00743nam a2200217 a 4500 |
| 005 - FECHA Y HORA DE LA ÚLTIMA TRANSACCIÓN | |
| campo de control | 20220819122505.0 |
| 008 - ELEMENTOS DE LONGITUD FIJA--INFORMACIÓN GENERAL | |
| campo de control de longitud fija | 011023s2000 r 000 0 eng d |
| 020 ## - NÚMERO INTERNACIONAL NORMALIZADO PARA LIBROS | |
| Número Internacional Estándar del Libro | 844150993X |
| 035 ## - NÚMERO DE CONTROL DEL SISTEMA | |
| Número de control de sistema | UPN01000113339 |
| 049 ## - COLECCIÓN | |
| Colección | CG |
| 050 #4 - SIGNATURA TOPOGRÁFICA DE LA BIBLIOTECA DEL CONGRESO | |
| Número de clasificación | TR897.7 |
| Número de documento/Ítem | M3.3 |
| 100 1# - ASIENTO PRINCIPAL--NOMBRE PERSONAL | |
| Nombre de persona | Maestri, George, |
| Fechas asociadas al nombre | 1960- |
| 245 10 - MENCIÓN DE TÍTULO | |
| Título | Creación digital de personajes animados / |
| Mención de responsabilidad, etc. | George Maestri. |
| 260 ## - PUBLICACIÓN, DISTRIBUCIÓN, ETC. | |
| Lugar de publicación, distribución, etc. | Madrid : |
| Nombre del editor, distribuidor, etc. | Anaya Multimedia, |
| Fecha de publicación, distribución, etc. | c2000 |
| 300 ## - DESCRIPCIÓN FÍSICA | |
| Extensión | 271 p. : |
| Otras características físicas | il. col. + |
| Material acompañante/anejo | 1 CD-ROM : son., col.; 4 3/4 plg. |
| 440 #0 - MENCIÓN DE SERIE/ASIENTO SECUNDARIO--TÍTULO | |
| Título | Diseño y creatividad |
| 500 ## - NOTA GENERAL | |
| Nota general | "Nivel: Medio. Tipo de libro: Aprendizaje/Referencia. Temática: Multimedia" |
| 534 ## - NOTA SOBRE LA VERSIÓN ORIGINAL | |
| Frase introductoria | Traducción de: |
| Mención de título del original | Character animation 2. |
| 650 #7 - ASIENTO SECUNDARIO DE MATERIA - TERMINO TEMATICO | |
| Término de materia o nombre geográfico como elemento de entrada | Animación por computadora |
| Fuente del encabezamiento o término | |
| 9 (RLIN) | 1049 |
| 905 ## - TIPO DE MATERIAL | |
| Tipo de material | Libro |
| Estado de retiro | Estado de pérdida | Fuente del sistema de clasificación o colocación | Estado dañado | No para préstamo | Código de colección | Localización permanente | Ubicación/localización actual | Ubicación en estantería | Total de préstamos | Clasificación | Código de barras | Fecha visto por última vez | Número de copia | Tipo de ítem Koha | Fecha de adquisición | Precio válido a partir de | Nota pública |
|---|---|---|---|---|---|---|---|---|---|---|---|---|---|---|---|---|---|
| Library of Congress Classification | Colección General | Bib. Gregorio Torres Quintero | Bib. Gregorio Torres Quintero | Planta baja | 8 | TR897.7 M3.3 | 186936 | 31/12/2020 | 1 | Libro | |||||||
| Library of Congress Classification | Materiales complementarios y otros recursos electrónicos | Bib. Gregorio Torres Quintero | Bib. Gregorio Torres Quintero | Mostrador de préstamo Planta baja | TR897.7 M3.3 | 337163 | 23/02/2024 | Disco Compacto | 23/02/2024 | 23/02/2024 | Solicítalo en el mostrador de préstamo |
